zpět

Detail výsledku týmu

ZÓNA 59, Brno

Datum a čas kvízu

36 Celkem bodů Celkový počet nahraných bodů na tomto kvízu bez doplňovacích otázek.
3. Pořadí na kvízu Konečné umístění týmu na tomto kvízu.

Zaznamenané odpovědi

# Otázka Odpověď Body Výsledky
1. Europoslanci Pavel Telička a P... 1
2. Americký prezident Donald Trum... 0
3. Jak se jmenuje osmnáctiletá st... 0
4. Společnost Google minulý týden... 1
5. Jak se jmenuje vítězný tým fin... 1
6. Začneme základní otázkou. Kter... 1
8. Jak se slovy na V a K česky ří... 1
9. Jak se jmenuje jedna z největš... 0
10. Vzhledem k přírodním podmínkám... 0
41. Movember je celosvětová charit... 0